[Event "LIBEREC OPEN 2020"]
[Site "Clarion Grandhotel Zlaty Lev, "]
[Date "2020.02.25"]
[Round "4"]
[White "Jina, Lubos"]
[Black "Kucera, Petr"]
[Result "0-1"]
[WhiteElo "1665"]
[BlackElo "2203"]
[PlyCount "130"]
[EventDate "2020.02.22"]

1. d4 Nf6 2. Nf3 c5 3. e3 b6 4. Be2 Bb7 5. b3 e6 6. O-O Be7 7. c4 O-O 8. Bb2
cxd4 9. Nxd4 a6 10. Bf3 Qc7 11. Bxb7 Qxb7 12. Qf3 Qxf3 13. Nxf3 Rc8 14. Nc3 d6
15. Rfd1 Nbd7 16. h3 Rab8 17. Rac1 Nc5 18. Ne2 Kf8 19. Kf1 Ke8 20. Nc3 h6 21.
Ne2 Rb7 22. Nfd4 Rbc7 23. Kg1 Ncd7 24. Kf1 g6 25. Ke1 d5 26. cxd5 Bb4+ 27. Kf1
Nxd5 28. Rxc7 Rxc7 29. Rc1 Rxc1+ 30. Bxc1 Nc5 31. a3 Bc3 32. Nxc3 Nxc3 33. Bd2
Nb1 34. Bb4 Kd7 35. Ke2 e5 36. Bxc5 bxc5 37. Nc2 e4 38. Kd1 f5 39. Kc1 Nc3 40.
Kd2 Nd5 41. Ne1 Kd6 42. Nc2 g5 43. g3 Ke5 44. Ne1 f4 45. Ng2 f3 46. Ne1 h5 47.
Nc2 Nf6 48. b4 Kd5 49. Kc3 h4 50. gxh4 gxh4 51. bxc5 Kxc5 52. Nd4 Nd5+ 53. Kd2
Kc4 54. Nf5 Kb3 55. Nxh4 Kxa3 56. Nf5 Kb2 57. h4 Nf6 58. Nd6 Kb3 59. h5 Nxh5
60. Nxe4 a5 61. Ng5 a4 62. Nxf3 a3 63. Nd4+ Kb2 64. Nc2 a2 65. f4 Ng3 0-1

[Event "LIBEREC OPEN 2020"]
[Site "Clarion Grandhotel Zlaty Lev, "]
[Date "2020.02.25"]
[Round "4"]
[White "Juhanak, Daniel"]
[Black "Nehyba, Martin"]
[Result "0-1"]
[WhiteElo "1648"]
[BlackElo "2170"]
[PlyCount "56"]
[EventDate "2020.02.22"]

1. Nf3 g6 2. e4 Bg7 3. d4 d6 4. c4 Nf6 5. Nc3 O-O 6. Be2 e5 7. O-O Nc6 8. d5
Ne7 9. b4 Ne8 10. Nd2 f5 11. f3 f4 12. c5 g5 13. a4 Ng6 14. Nc4 h5 15. Ba3 Rf7
16. b5 Bf8 17. cxd6 cxd6 18. b6 a6 19. h3 Rh7 20. Bb4 Nf6 21. Kf2 g4 22. hxg4
hxg4 23. Rh1 g3+ 24. Kg1 Rxh1+ 25. Kxh1 Qe7 26. Kg1 Qh7 27. Bd3 Qh2+ 28. Kf1
Qh1+ 0-1

[Event "LIBEREC OPEN 2020"]
[Site "Clarion Grandhotel Zlaty Lev, "]
[Date "2020.02.25"]
[Round "4"]
[White "Sichrovsky, Tomas"]
[Black "Meszaros, Ludek"]
[Result "0-1"]
[WhiteElo "1470"]
[BlackElo "2096"]
[PlyCount "66"]
[EventDate "2020.02.22"]

1. d4 Nf6 2. c4 g6 3. Nc3 Bg7 4. e4 d6 5. Nf3 O-O 6. Be2 Nbd7 7. O-O e5 8. d5
Nc5 9. Qc2 a5 10. Ne1 c6 11. f3 cxd5 12. cxd5 Bd7 13. Be3 b6 14. Nd3 Nh5 15.
Nxc5 bxc5 16. Nb5 Bxb5 17. Bxb5 f5 18. a3 Kh8 19. Rab1 Rb8 20. Bc6 Qh4 21. Qf2
Qe7 22. Qd2 Qc7 23. b4 axb4 24. axb4 fxe4 25. fxe4 Rxf1+ 26. Kxf1 Nf6 27. Qd3
cxb4 28. Qc4 Ng4 29. Bg1 Qa5 30. h3 Nf6 31. Be3 Qa3 32. Bg5 Nh5 33. Be7 Qe3 0-1

[Event "LIBEREC OPEN 2020"]
[Site "Clarion Grandhotel Zlaty Lev, "]
[Date "2020.02.25"]
[Round "4"]
[White "Cermak, Michal"]
[Black "Machacek, Jan"]
[Result "1/2-1/2"]
[WhiteElo "2093"]
[BlackElo "1621"]
[PlyCount "56"]
[EventDate "2020.02.22"]

1. d4 e5 2. dxe5 Nc6 3. e4 Nxe5 4. Bf4 Ng6 5. Be3 Nf6 6. Bc4 Bb4+ 7. c3 Ba5 8.
Nd2 d6 9. Ngf3 Ng4 10. Bg5 f6 11. Bh4 Nxh4 12. Nxh4 Ne5 13. Qh5+ Kf8 14. Ng6+
Nxg6 15. Qxa5 Nf4 16. O-O g6 17. g3 Ne6 18. f4 Kg7 19. Qd5 c6 20. Qd3 b5 21.
Bb3 Nc5 22. Qd4 Qe7 23. Rad1 Rd8 24. Bc2 Be6 25. f5 Bf7 26. fxg6 Bxg6 27. Rde1
Nd7 28. Nf3 Ne5 1/2-1/2

[Event "LIBEREC OPEN 2020"]
[Site "Clarion Grandhotel Zlaty Lev, "]
[Date "2020.02.25"]
[Round "4"]
[White "Valenta, Vit"]
[Black "Martinovsky, Miroslav"]
[Result "1-0"]
[WhiteElo "2060"]
[BlackElo "1660"]
[PlyCount "63"]
[EventDate "2020.02.22"]

1. b4 Nf6 2. Bb2 d5 3. Nf3 Bf5 4. g3 e6 5. a3 h6 6. Bg2 Nbd7 7. O-O c6 8. d3
Be7 9. Nbd2 O-O 10. c4 Rc8 11. Re1 b6 12. e4 Bh7 13. Qa4 Qc7 14. Rac1 dxe4 15.
dxe4 Rfd8 16. e5 Ne8 17. Nd4 Nxe5 18. Nxe6 fxe6 19. Bxe5 Bd6 20. Nf3 c5 21. b5
Bxe5 22. Nxe5 Rd2 23. Bh3 Bf5 24. Bxf5 exf5 25. Nc6 Rd7 26. Qc2 Nd6 27. f3 Rf7
28. Qd3 Re8 29. Qd5 Rxe1+ 30. Rxe1 Kh8 31. Re6 Rd7 32. Ne5 1-0

[Event "LIBEREC OPEN 2020"]
[Site "Clarion Grandhotel Zlaty Lev, "]
[Date "2020.02.25"]
[Round "4"]
[White "Paldus, Petr"]
[Black "Jankovsky, Zbynek"]
[Result "1-0"]
[WhiteElo "2009"]
[BlackElo "1561"]
[PlyCount "63"]
[EventDate "2020.02.22"]

1. e4 e6 2. d4 c5 3. d5 exd5 4. exd5 Bd6 5. Nf3 Ne7 6. c4 O-O 7. Bd3 Ng6 8. O-O
Ne5 9. Nxe5 Bxe5 10. Qh5 f5 11. Bxf5 Rxf5 12. Qxf5 d6 13. Qh5 Nd7 14. Nc3 Nf6
15. Qh4 Qf8 16. Bf4 Ng4 17. Bxe5 Nxe5 18. Rfe1 Ng6 19. Qg3 Bf5 20. Re3 Qf6 21.
Rae1 Rf8 22. b3 Ne5 23. Ne4 Bxe4 24. Rxe4 Qh6 25. f4 Ng6 26. Qg5 Nxf4 27. Qxh6
gxh6 28. Re8 Nd3 29. Rxf8+ Kxf8 30. Re6 Nc1 31. Rxh6 Nxa2 32. Rxh7 1-0

[Event "LIBEREC OPEN 2020"]
[Site "Clarion Grandhotel Zlaty Lev, "]
[Date "2020.02.25"]
[Round "5"]
[White "Vitak, Jiri"]
[Black "Kulon, Klaudia"]
[Result "1/2-1/2"]
[WhiteElo "2199"]
[BlackElo "2335"]
[PlyCount "63"]
[EventDate "2020.02.22"]

1. Nf3 Nf6 2. d4 g6 3. c4 Bg7 4. Nc3 O-O 5. e4 d6 6. Be2 e5 7. O-O exd4 8. Nxd4
Re8 9. f3 c6 10. Kh1 Nbd7 11. Bf4 Nh5 12. Bxd6 Qf6 13. Nc2 Nf4 14. Rf2 Nxe2 15.
Rxe2 Ne5 16. Ne3 Be6 17. c5 Rad8 18. Qc2 h5 19. Rf1 g5 20. Rfe1 b6 21. Bc7 Rd7
22. cxb6 axb6 23. Ned5 Bxd5 24. Bxe5 Rxe5 25. exd5 Rxe2 26. Qxe2 Rd8 27. dxc6
Qxc6 28. Ne4 Rd5 29. Rd1 Bxb2 30. Rxd5 Qxd5 31. Nxg5 Qxa2 32. g3 1/2-1/2

[Event "LIBEREC OPEN 2020"]
[Site "Clarion Grandhotel Zlaty Lev, "]
[Date "2020.02.25"]
[Round "5"]
[White "Lu, Miaoyi"]
[Black "Belaska, Premysl"]
[Result "1/2-1/2"]
[WhiteElo "1824"]
[BlackElo "2212"]
[PlyCount "70"]
[EventDate "2020.02.22"]

1. d4 Nf6 2. c4 g6 3. Nc3 Bg7 4. e4 d6 5. h3 O-O 6. Be3 e5 7. d5 Nbd7 8. g4 Nc5
9. f3 a5 10. Nge2 Ne8 11. h4 f5 12. gxf5 gxf5 13. Qd2 Nf6 14. Bxc5 dxc5 15.
O-O-O fxe4 16. Nxe4 Nxe4 17. fxe4 Ra6 18. Kb1 Bg4 19. Rh2 Rf7 20. Bh3 Qxh4 21.
Bxg4 Qxg4 22. Nc3 Rg6 23. Rdh1 h6 24. Ka1 Qf4 25. Qc2 Kh7 26. Rh5 Qf2 27. Qb1
Rf3 28. Rf5 Rg2 29. Rxf3 Qxf3 30. Nb5 Qf7 31. Qf1 Rf2 32. Qg1 Rf4 33. Qg2 Rf2
34. Qg1 Rf4 35. Qg2 Rf2 1/2-1/2

[Event "LIBEREC OPEN 2020"]
[Site "Clarion Grandhotel Zlaty Lev, "]
[Date "2020.02.25"]
[Round "5"]
[White "Nehyba, Martin"]
[Black "Akash, G."]
[Result "0-1"]
[WhiteElo "2170"]
[BlackElo "2449"]
[PlyCount "88"]
[EventDate "2020.02.22"]

1. e4 c5 2. c3 Nf6 3. e5 Nd5 4. d4 cxd4 5. Nf3 Nc6 6. cxd4 d6 7. Bc4 Nb6 8. Bb5
Bd7 9. Nc3 e6 10. Bf4 Nb4 11. Bxd7+ Qxd7 12. O-O d5 13. Ne1 Be7 14. Nd3 O-O 15.
a3 Nxd3 16. Qxd3 Qc6 17. b3 Rfc8 18. Rfc1 Qd7 19. Bd2 Qd8 20. a4 Nd7 21. a5 Nb8
22. Qb5 Rc7 23. Ne2 Nc6 24. b4 Rac8 25. f4 Bxb4 26. Bxb4 Nxd4 27. Nxd4 Rxc1+
28. Rxc1 Rxc1+ 29. Kf2 h6 30. g3 Qc8 31. Bd2 Rc4 32. Be3 a6 33. Qb6 Ra4 34. h4
h5 35. Kg2 Ra2+ 36. Bf2 g6 37. Nf3 Kg7 38. Ng5 Qc6 39. Qd8 d4+ 40. Nf3 Ra3 41.
Qf6+ Kg8 42. Qd8+ Kh7 43. Qf6 Qxf3+ 44. Kf1 Qh1+ 0-1

[Event "LIBEREC OPEN 2020"]
[Site "Clarion Grandhotel Zlaty Lev, "]
[Date "2020.02.25"]
[Round "5"]
[White "Nomin-Erdene, Davaademberel"]
[Black "Meszaros, Ludek"]
[Result "1-0"]
[WhiteElo "2417"]
[BlackElo "2096"]
[PlyCount "81"]
[EventDate "2020.02.22"]

1. e4 e5 2. Nf3 Nc6 3. Bb5 a6 4. Ba4 Nf6 5. O-O Be7 6. Qe2 b5 7. Bb3 O-O 8. c3
d6 9. Rd1 Bg4 10. h3 Bh5 11. d3 Na5 12. Bc2 c5 13. Nbd2 Re8 14. Nf1 Bg6 15. g4
Nc6 16. Ng3 Nd7 17. Kh1 Nf8 18. Nf5 Ra7 19. Bb3 Ne6 20. Rg1 Nf4 21. Bxf4 exf4
22. Bd5 Ne5 23. a4 b4 24. Ne1 bxc3 25. bxc3 Qa5 26. Qd2 Bf8 27. Ra3 Rb8 28.
Qxf4 Rb1 29. Qe3 Bxf5 30. gxf5 Nd7 31. Ba2 Rb2 32. Nf3 Nf6 33. Nd2 d5 34. e5
Re7 35. Nf3 c4 36. Qd4 Rxe5 37. Qxe5 Qb6 38. Bxc4 Bxa3 39. Bxd5 Qxf2 40. Ng5 h6
41. Nxf7 1-0

[Event "LIBEREC OPEN 2020"]
[Site "Clarion Grandhotel Zlaty Lev, "]
[Date "2020.02.25"]
[Round "5"]
[White "Arfan, Aditya Bagus"]
[Black "Valenta, Vit"]
[Result "1-0"]
[WhiteElo "2285"]
[BlackElo "2060"]
[PlyCount "63"]
[EventDate "2020.02.22"]

1. e4 e5 2. Nf3 Nc6 3. d4 exd4 4. Nxd4 Nf6 5. Nxc6 bxc6 6. e5 Qe7 7. Qe2 Nd5 8.
c4 Ba6 9. Nd2 Nf4 10. Qe4 Ng6 11. f4 Bb7 12. Nf3 Rb8 13. Bd3 Nh4 14. Qe2 Nxf3+
15. Qxf3 Qh4+ 16. Qg3 Bb4+ 17. Kf2 Bc5+ 18. Be3 Bxe3+ 19. Kxe3 Qh6 20. Rhe1 O-O
21. Kf2 Ba6 22. b3 f6 23. e6 d5 24. cxd5 Bxd3 25. Qxd3 Qxh2 26. Qd4 c5 27. Qxc5
Qxf4+ 28. Kg1 Qd6 29. Rac1 a6 30. Qxd6 cxd6 31. Rc6 Rfd8 32. e7 1-0

[Event "LIBEREC OPEN 2020"]
[Site "Clarion Grandhotel Zlaty Lev, "]
[Date "2020.02.25"]
[Round "5"]
[White "Jacobi, Robin"]
[Black "Paldus, Petr"]
[Result "1-0"]
[WhiteElo "2243"]
[BlackElo "2009"]
[PlyCount "80"]
[EventDate "2020.02.22"]

1. Nf3 d5 2. g3 f5 3. Bg2 Nf6 4. b3 e6 5. Bb2 Bd6 6. O-O O-O 7. d3 c5 8. c4 d4
9. b4 Nc6 10. bxc5 Bxc5 11. Nbd2 e5 12. Nb3 Bb6 13. a4 Re8 14. Qc2 h6 15. Rfd1
Be6 16. a5 Bc7 17. Nc5 Bc8 18. a6 b6 19. Nh4 Qd6 20. Nb7 Qe6 21. Nxf5 Bd7 22.
Nh4 g5 23. Nf3 Ne7 24. c5 Bc6 25. Rdc1 b5 26. Nd6 Bxd6 27. cxd6 Qxd6 28. Ba3 b4
29. Qb3+ Nfd5 30. Bb2 Kg7 31. Nxd4 exd4 32. Bxd4+ Kg6 33. Be4+ Kh5 34. Bc5 Qf6
35. f3 Nf4 36. gxf4 Bxe4 37. dxe4 gxf4 38. Kh1 Kg6 39. Rg1+ Kh7 40. e5 Qc6 1-0

[Event "LIBEREC OPEN 2020"]
[Site "Clarion Grandhotel Zlaty Lev, "]
[Date "2020.02.25"]
[Round "5"]
[White "Sernecki, Franciszek"]
[Black "Pawicka, Magdalena"]
[Result "1/2-1/2"]
[WhiteElo "2218"]
[BlackElo "1962"]
[PlyCount "81"]
[EventDate "2020.02.22"]

1. d4 d5 2. c4 dxc4 3. e4 Nf6 4. e5 Nd5 5. Bxc4 Nb6 6. Bd3 Nc6 7. Be3 Nb4 8.
Be4 f5 9. a3 N4d5 10. Bd3 Nxe3 11. fxe3 Be6 12. Ne2 Qd7 13. Nf4 O-O-O 14. Qh5
g6 15. Qh3 Nd5 16. Nxe6 Qxe6 17. O-O Qb6 18. Nc3 e6 19. Nxd5 Rxd5 20. b4 h5 21.
Kh1 g5 22. e4 g4 23. Qh4 Rxd4 24. Qf6 Rg8 25. Qf7 Rh8 26. Qf6 Rg8 27. Qf7 Rh8
28. Bc4 Bh6 29. Qf6 Re8 30. Qxh6 Rxc4 31. Qxh5 Rd8 32. exf5 Qc6 33. Rad1 Rxd1
34. Rxd1 b6 35. f6 Qd5 36. Rg1 Kb7 37. f7 Rf4 38. Qxg4 Rxg4 39. f8=Q Rxg2 40.
Rxg2 Qd1+ 41. Rg1 1/2-1/2

[Event "LIBEREC OPEN 2020"]
[Site "Clarion Grandhotel Zlaty Lev, "]
[Date "2020.02.25"]
[Round "5"]
[White "Kucera, Petr"]
[Black "Mazurek, Bartosz"]
[Result "1/2-1/2"]
[WhiteElo "2203"]
[BlackElo "1908"]
[PlyCount "115"]
[EventDate "2020.02.22"]

1. d4 {[%emt 0:00:00]} d5 2. Bf4 c6 3. e3 Bf5 4. Bd3 Bxd3 5. Qxd3 e6 6. Nd2 Bd6
7. Bg3 Qc7 8. e4 Nd7 9. Ngf3 h6 10. O-O Bxg3 11. hxg3 dxe4 12. Nxe4 Ngf6 13.
Ned2 O-O 14. Rad1 Rfd8 15. Ne4 Nxe4 16. Qxe4 Nf6 17. Qe5 Qb6 18. b3 Rd5 19. Qe2
Qc7 20. Rfe1 Rc8 21. c3 Ra8 22. Ne5 Rad8 23. Nf3 Ra8 24. Qc2 Rdd8 25. Re5 Rd5
26. c4 Rd7 27. Rde1 Rad8 28. Qc1 Re7 29. Qa3 Red7 30. Qc1 a6 31. Qf4 Re7 32.
Qh4 Ree8 33. g4 Qe7 34. g5 Nh7 35. g6 Nf8 36. gxf7+ Qxf7 37. Qg4 Rd6 38. R5e3
Ng6 39. Ne5 Nxe5 40. Rxe5 Rf8 41. R1e2 Qf4 42. Qxf4 Rxf4 43. Rxe6 Rfxd4 44.
Rxd6 Rxd6 45. Re7 b5 46. Ra7 bxc4 47. bxc4 Rd1+ 48. Kh2 Rc1 49. Rxa6 Rxc4 50.
Ra7 Rc1 51. Kg3 c5 52. Kf3 c4 53. Ke3 c3 54. Kd3 Rf1 55. f3 Rg1 56. Kxc3 Rxg2
57. Kd3 h5 58. Ra5 1/2-1/2

[Event "LIBEREC OPEN 2020"]
[Site "Clarion Grandhotel Zlaty Lev, "]
[Date "2020.02.25"]
[Round "5"]
[White "Korniichuk, Oleksandra"]
[Black "Cermak, Michal"]
[Result "1-0"]
[WhiteElo "1675"]
[BlackElo "2093"]
[PlyCount "65"]
[EventDate "2020.02.22"]

1. e4 c6 2. d4 d5 3. e5 Bf5 4. Nd2 c5 5. dxc5 e6 6. Nb3 Ne7 7. Bf4 Nec6 8. Nf3
Bg4 9. Be2 Nd7 10. Nfd4 Bxe2 11. Qxe2 Nxc5 12. O-O Be7 13. c4 Nxb3 14. Nxb3
dxc4 15. Qxc4 O-O 16. Rfd1 Qb6 17. Rac1 Rfd8 18. h3 Rxd1+ 19. Rxd1 Rd8 20.
Rxd8+ Qxd8 21. Kh2 h6 22. Bg3 Bf8 23. Qb5 Qd7 24. Na5 Qd5 25. Qxd5 exd5 26.
Nxb7 Nb4 27. a3 Nd3 28. b4 g5 29. Kg1 Bg7 30. Nd6 Kf8 31. Nb5 Ke7 32. Nxa7 Bxe5
33. Nc6+ 1-0

[Event "LIBEREC OPEN 2020"]
[Site "Clarion Grandhotel Zlaty Lev, "]
[Date "2020.02.25"]
[Round "5"]
[White "Dalecky, Bretislav"]
[Black "Vestfal, Jan"]
[Result "1/2-1/2"]
[WhiteElo "2060"]
[BlackElo "1753"]
[PlyCount "70"]
[EventDate "2020.02.22"]

1. e4 c5 2. Ne2 e6 3. d4 cxd4 4. Nxd4 Nc6 5. c4 Nf6 6. Nc3 e5 7. Ndb5 d6 8. Bg5
a6 9. Na3 Be6 10. Nc2 Be7 11. h3 O-O 12. Be3 Rc8 13. Qd2 Qa5 14. Be2 Rfd8 15.
O-O Kf8 16. a3 Qc7 17. Rfd1 Na5 18. Na4 Nxc4 19. Bxc4 Qxc4 20. Nb4 Qxe4 21. f3
Qg6 22. Nb6 Rc7 23. Rac1 Rxc1 24. Rxc1 d5 25. Bc5 d4 26. Bxe7+ Kxe7 27. Rc7+
Kf8 28. Rxb7 Bxh3 29. Kh2 Bf5 30. Nc6 Ng4+ 31. fxg4 Qxc6 32. Qb4+ Kg8 33. Qe7
Qh6+ 34. Kg1 Qc1+ 35. Kh2 Qh6+ 1/2-1/2

[Event "LIBEREC OPEN 2020"]
[Site "Clarion Grandhotel Zlaty Lev, "]
[Date "2020.02.25"]
[Round "5"]
[White "Machacek, Jan"]
[Black "Korosciel, Aneta"]
[Result "1-0"]
[WhiteElo "1621"]
[BlackElo "1968"]
[PlyCount "49"]
[EventDate "2020.02.22"]

1. e4 d6 2. d4 Nf6 3. Nc3 c6 4. Be3 Nbd7 5. Qd2 e5 6. f3 Qc7 7. h4 a6 8. Nge2
b5 9. Ng3 b4 10. Nce2 d5 11. exd5 Nxd5 12. Bf2 Be7 13. Ne4 N7f6 14. N2g3 Nxe4
15. Nxe4 f5 16. Ng3 exd4 17. O-O-O O-O 18. Bc4 Kh8 19. Bxd5 cxd5 20. Nh5 Bc5
21. Nf4 Qc6 22. h5 Bb7 23. Bxd4 Bxd4 24. Qxd4 Rad8 25. Ng6+ 1-0

[Event "LIBEREC OPEN 2020"]
[Site "Clarion Grandhotel Zlaty Lev, "]
[Date "2020.02.25"]
[Round "5"]
[White "Bigalke, Moritz"]
[Black "Zuzanek, Vitezslav"]
[Result "1-0"]
[WhiteElo "1776"]
[BlackElo "1625"]
[PlyCount "73"]
[EventDate "2020.02.22"]

1. e4 {[%emt 0:00:00]} c5 2. Nf3 Nc6 3. Bc4 e6 4. Nc3 a6 5. a4 d6 6. O-O Nf6 7.
d3 Be7 8. h3 h6 9. Bb3 O-O 10. Ne2 d5 11. exd5 exd5 12. c3 Bd6 13. d4 c4 14.
Bc2 Re8 15. Be3 Qc7 16. Re1 Be6 17. Qc1 Qd7 18. Nf4 Bf5 19. b3 b5 20. b4 Bc7
21. Bd1 Ne4 22. Nh4 Bxf4 23. Bxf4 g5 24. Nxf5 Qxf5 25. Be3 Qf6 26. Bf3 Re7 27.
axb5 Nb8 28. Re2 Rea7 29. Bxe4 dxe4 30. Rea2 Rb7 31. Ra5 Qe6 32. Qa3 f5 33.
bxa6 Nxa6 34. Rxa6 Rxa6 35. Qxa6 Rb6 36. Qa8+ Kg7 37. d5 1-0

[Event "LIBEREC OPEN 2020"]
[Site "Clarion Grandhotel Zlaty Lev, "]
[Date "2020.02.25"]
[Round "5"]
[White "Ulicny, Daniel"]
[Black "Sichrovsky, Tomas"]
[Result "0-1"]
[WhiteElo "1762"]
[BlackElo "1470"]
[PlyCount "78"]
[EventDate "2020.02.22"]

1. Nf3 Nf6 2. c4 g6 3. g3 Bg7 4. Nc3 c5 5. Bg2 Nc6 6. O-O O-O 7. a3 d5 8. cxd5
Nxd5 9. Ng5 e6 10. Nge4 b6 11. d3 Bb7 12. Bg5 Nxc3 13. bxc3 f6 14. Bf4 Na5 15.
Qc2 e5 16. Be3 Rc8 17. c4 f5 18. Nc3 Bxg2 19. Kxg2 Nc6 20. Rfd1 h5 21. Qd2 f4
22. gxf4 exf4 23. Rac1 fxe3 24. Qxe3 Bd4 25. Qe6+ Kg7 26. Ne4 Ne7 27. e3 Rc6
28. Qh3 Be5 29. d4 cxd4 30. exd4 Bxd4 31. Rc3 Nf5 32. Rc2 Qe7 33. Ng3 Nxg3 34.
Rxd4 Nf5 35. Rdd2 Qe4+ 36. Kg1 Rxc4 37. Rd7+ Rf7 38. Rxf7+ Kxf7 39. Qb3 Qxc2
0-1

[Event "LIBEREC OPEN 2020"]
[Site "Clarion Grandhotel Zlaty Lev, "]
[Date "2020.02.25"]
[Round "5"]
[White "Garwacki, Kornel"]
[Black "Zitek, Jiri"]
[Result "1-0"]
[WhiteElo "1287"]
[BlackElo "1693"]
[PlyCount "69"]
[EventDate "2020.02.22"]

1. e4 d6 2. d4 c6 3. Nf3 Bg4 4. Be3 Nf6 5. Bd3 Nbd7 6. c4 Qa5+ 7. Nc3 e5 8. d5
Nc5 9. Bxc5 Qxc5 10. a3 Qb6 11. b4 Be7 12. O-O O-O 13. h3 Bd7 14. Qd2 a5 15.
bxa5 Rxa5 16. Rfb1 Qc7 17. Rb3 Rfa8 18. Qc1 Nh5 19. Rab1 R5a7 20. Ne2 cxd5 21.
exd5 f5 22. Nd2 e4 23. Bc2 Bg5 24. Qd1 Ba4 25. Rb4 Bxc2 26. Qxc2 e3 27. Qxf5
exf2+ 28. Qxf2 Rf8 29. Qxa7 Bxd2 30. Rxb7 Qxc4 31. Ng3 Qc3 32. R7b3 Qe5 33.
Nxh5 Qxh5 34. Qd4 Be1 35. Rxe1 1-0

[Event "LIBEREC OPEN 2020"]
[Site "Clarion Grandhotel Zlaty Lev, "]
[Date "2020.02.25"]
[Round "5"]
[White "Vetter, Udo"]
[Black "Stodola, Zdenek"]
[Result "0-1"]
[WhiteElo "1471"]
[BlackElo "1574"]
[PlyCount "72"]
[EventDate "2020.02.22"]

1. c4 Nf6 2. Nc3 g6 3. g3 Bg7 4. Bg2 O-O 5. d4 c5 6. d5 d6 7. e4 a6 8. Nge2 e5
9. Bg5 h6 10. Be3 Ng4 11. Bd2 f5 12. f3 Nf6 13. Qc2 fxe4 14. fxe4 Nbd7 15.
O-O-O b5 16. Rdf1 Nb6 17. cxb5 axb5 18. Nxb5 Rxa2 19. Kb1 Ra8 20. h3 Ba6 21.
Nbc3 Nc4 22. g4 Rb8 23. Kc1 Rxb2 24. Qxb2 Nxb2 25. Kxb2 Qb6+ 26. Kc2 Nd7 27.
Rb1 Qc7 28. Be3 Rb8 29. Ng3 Rb4 30. h4 Rd4 31. h5 Bd3+ 32. Kd2 Bxb1+ 33. Bxd4
exd4 34. Nxb1 Qa5+ 35. Ke2 Qa2+ 36. Kf3 Ne5+ 0-1

[Event "LIBEREC OPEN 2020"]
[Site "Clarion Grandhotel Zlaty Lev, "]
[Date "2020.02.26"]
[Round "6"]
[White "Priasmoro, Novendra"]
[Black "Vitak, Jiri"]
[Result "1-0"]
[WhiteElo "2493"]
[BlackElo "2199"]
[PlyCount "127"]
[EventDate "2020.02.22"]

1. e4 c5 2. Nf3 d6 3. d4 cxd4 4. Nxd4 Nf6 5. Nc3 g6 6. Be3 Bg7 7. f3 O-O 8. Bc4
Nc6 9. Qd2 Bd7 10. O-O-O Rc8 11. Bb3 Nxd4 12. Bxd4 b5 13. Bxa7 b4 14. Nd5 Nxd5
15. exd5 Qa5 16. Bd4 Ba4 17. Qe3 Ra8 18. Bxg7 Kxg7 19. Qd4+ Kg8 20. Rhe1 Bxb3
21. axb3 Ra7 22. Re4 Rc8 23. Qxb4 Qa1+ 24. Kd2 Qxb2 25. Rc4 Rxc4 26. Qxc4 Ra8
27. Qc3 Qa3 28. Ke2 Qa6+ 29. Qd3 Qb7 30. Kf2 Ra2 31. Qc3 Qa7+ 32. Kg3 h5 33. h4
Ra5 34. Qd4 Qb7 35. Rd3 Rc5 36. c4 Ra5 37. Re3 Ra3 38. Qb2 Qa7 39. Re2 Ra1 40.
Rxe7 Qxe7 41. Qxa1 g5 42. hxg5 Qxg5+ 43. Kh2 Qe3 44. Qf6 Qxb3 45. Qg5+ Kf8 46.
Qd8+ Kg7 47. Qxd6 Qxc4 48. Qe5+ f6 49. Qxh5 Kf8 50. Qh8+ Kf7 51. Qh7+ Kf8 52.
Qe4 Qc7+ 53. g3 Qc3 54. Kh3 Qc1 55. d6 Qh1+ 56. Kg4 Qh6 57. Qe7+ Kg8 58. Qe8+
Kg7 59. f4 Kh7 60. d7 f5+ 61. Kxf5 Qf8+ 62. Ke6 Qh6+ 63. Kd5 Kg7 64. Qe7+ 1-0

[Event "LIBEREC OPEN 2020"]
[Site "Clarion Grandhotel Zlaty Lev, "]
[Date "2020.02.26"]
[Round "6"]
[White "Kulon, Klaudia"]
[Black "Nomin-Erdene, Davaademberel"]
[Result "1/2-1/2"]
[WhiteElo "2335"]
[BlackElo "2417"]
[PlyCount "31"]
[EventDate "2020.02.22"]

1. e4 e6 2. d4 d5 3. e5 c5 4. c3 Ne7 5. Nf3 Nec6 6. a3 a5 7. a4 Be7 8. Na3 b6
9. Nb5 Ba6 10. Bf4 cxd4 11. cxd4 Nb4 12. Be2 N8c6 13. O-O O-O 14. Qd2 Na7 15.
Nxa7 Rxa7 16. Rfc1 1/2-1/2

[Event "LIBEREC OPEN 2020"]
[Site "Clarion Grandhotel Zlaty Lev, "]
[Date "2020.02.26"]
[Round "6"]
[White "Akash, G."]
[Black "Dambrauskas, Virginijus"]
[Result "1-0"]
[WhiteElo "2449"]
[BlackElo "2245"]
[PlyCount "53"]
[EventDate "2020.02.22"]

1. e4 c5 2. Nf3 a6 3. Nc3 e6 4. d4 cxd4 5. Nxd4 Qc7 6. Bd3 Bc5 7. Nb3 Be7 8.
Qg4 g6 9. Qe2 d6 10. O-O Bf6 11. Be3 Bg7 12. f4 Nc6 13. Na4 Nf6 14. c4 O-O 15.
c5 d5 16. e5 Ne8 17. Nd4 f6 18. Nb6 Rb8 19. Nxc6 Qxc6 20. b4 fxe5 21. fxe5 Qc7
22. Rxf8+ Bxf8 23. Rf1 Ng7 24. Qf2 Qe7 25. Bg5 Qe8 26. Bd8 Bd7 27. Nxd7 1-0

[Event "LIBEREC OPEN 2020"]
[Site "Clarion Grandhotel Zlaty Lev, "]
[Date "2020.02.26"]
[Round "6"]
[White "Belaska, Premysl"]
[Black "Arfan, Aditya Bagus"]
[Result "1/2-1/2"]
[WhiteElo "2212"]
[BlackElo "2285"]
[PlyCount "173"]
[EventDate "2020.02.22"]

1. e4 c6 2. d4 d5 3. e5 Bf5 4. Nc3 e6 5. g4 Bg6 6. Nge2 f6 7. Nf4 fxe5 8. Nxg6
hxg6 9. dxe5 Nd7 10. Bf4 Qb6 11. Qd3 O-O-O 12. O-O-O Qxf2 13. Be3 Qf7 14. Bxa7
Qf4+ 15. Be3 Qxe5 16. Na4 Ngf6 17. Nb6+ Nxb6 18. Bxb6 Re8 19. Qd2 Bd6 20. Bd3
Qf4 21. Be3 Qa4 22. Kb1 Nxg4 23. Bxg6 Ref8 24. h3 Ne5 25. Qg2 Rf6 26. Bd3 Nxd3
27. Qxg7 Rhf8 28. Rxd3 Rf1+ 29. Rd1 Rxh1 30. Rxh1 Qe4 31. Qg1 Rf3 32. Bc1 Bg3
33. Qg2 Qf5 34. h4 Be5 35. Qe2 Kd7 36. h5 Rf2 37. Qd3 Qxd3 38. cxd3 Ke7 39. h6
Kf7 40. Rg1 Rh2 41. Rf1+ Ke7 42. Bg5+ Ke8 43. Re1 Rxb2+ 44. Kc1 Bc3 45. Rxe6+
Kf7 46. Re7+ Kg6 47. Be3 Re2 48. Kd1 Re1+ 49. Kc2 Bf6 50. h7 d4 51. Re6 Kxh7
52. Rxf6 dxe3 53. d4 Kg7 54. Rf4 Kg6 55. Rf3 Kg5 56. Kd3 e2 57. Kd2 Rd1+ 58.
Kxe2 Rxd4 59. Rb3 Rd7 60. Rb6 Kf4 61. a4 Ke4 62. a5 Kd5 63. a6 bxa6 64. Rxa6
Kc5 65. Ra1 Rd4 66. Rc1+ Kd5 67. Rc3 Kd6 68. Ke3 Rd5 69. Rc4 c5 70. Rc3 Kc6 71.
Rd3 Rh5 72. Kd2 Kb5 73. Kc3 Rh8 74. Rg3 Rh7 75. Rf3 Ra7 76. Rf8 Ra3+ 77. Kc2
Rh3 78. Rf4 Ra3 79. Rh4 c4 80. Rh8 Ra6 81. Rb8+ Rb6 82. Rxb6+ Kxb6 83. Kc3 Kc5
84. Kc2 Kb4 85. Kb2 c3+ 86. Kc2 Kc4 87. Kc1 1/2-1/2

[Event "LIBEREC OPEN 2020"]
[Site "Clarion Grandhotel Zlaty Lev, "]
[Date "2020.02.26"]
[Round "6"]
[White "Sernecki, Franciszek"]
[Black "Lu, Miaoyi"]
[Result "1-0"]
[WhiteElo "2218"]
[BlackElo "1824"]
[PlyCount "87"]
[EventDate "2020.02.22"]

1. e4 c6 2. d4 d5 3. Nc3 dxe4 4. Nxe4 Bf5 5. Ng3 Bg6 6. Nh3 Qc7 7. Nf4 e5 8.
Nxg6 hxg6 9. dxe5 Qxe5+ 10. Qe2 Qxe2+ 11. Bxe2 Nf6 12. Be3 Nbd7 13. O-O-O Bc5
14. Bxc5 Nxc5 15. h4 O-O 16. Bf3 Rad8 17. Rhe1 Rfe8 18. Rxe8+ Rxe8 19. b4 Na4
20. Rd3 Nb6 21. Rd4 Re7 22. Ne4 Nxe4 23. Bxe4 Rd7 24. Rxd7 Nxd7 25. Kd2 Kf8 26.
Ke3 Ke7 27. c3 Kd6 28. Bc2 Nf8 29. Bb3 Ne6 30. Ke4 b6 31. Bxe6 Kxe6 32. c4 Kd6
33. Kd4 f5 34. g3 Ke6 35. Ke3 Ke5 36. b5 cxb5 37. cxb5 g5 38. hxg5 g6 39. Kf3
Kd4 40. Kf4 Kd5 41. g4 fxg4 42. Kxg4 Kd4 43. f4 Ke4 44. a3 1-0

[Event "LIBEREC OPEN 2020"]
[Site "Clarion Grandhotel Zlaty Lev, "]
[Date "2020.02.26"]
[Round "6"]
[White "Moravec, Vit"]
[Black "Korniichuk, Oleksandra"]
[Result "1-0"]
[WhiteElo "2222"]
[BlackElo "1675"]
[PlyCount "59"]
[EventDate "2020.02.22"]

1. e4 c5 2. Nf3 e6 3. d4 cxd4 4. Nxd4 Nc6 5. Nc3 Qc7 6. Nb3 Nf6 7. Bd3 Be7 8.
O-O O-O 9. f4 d6 10. Bd2 a6 11. Qe2 b5 12. Rae1 Nd7 13. Rf3 Nc5 14. Rh3 g6 15.
Qg4 Nxd3 16. cxd3 Bf6 17. Ne2 Bd7 18. Ng3 Bg7 19. f5 exf5 20. Qh4 h5 21. Nxh5
gxh5 22. Qxh5 f6 23. Qh7+ Kf7 24. Rg3 Rg8 25. Bh6 Qa7+ 26. Kf1 f4 27. Rxg7+
Rxg7 28. Qxg7+ Ke6 29. Bxf4 Ne5 30. Be3 1-0